000 00288nam a22001337a 4500
008 170922b xxu||||| |||| 00| 0 eng d
020 _a9781845534561
041 _aeng
080 _a902
100 _a45
101 _aARK
245 _aISRAEL'S ETHNOGENESIS
_cFAUST,A
942 _2udc
_cBK
999 _c28925
_d28925